[Event "csparrow"]
[Site "http://www.queenalice.com/game.php?id=29397"]
[Date "2005.9.18"]
[Round "-"]
[White "moepp"]
[Black "csparrow"]
[Result "1/2-1/2"]
[WhiteElo "1719"]
[BlackElo "1666"]

1. e4 c5 2. Nf3 d6 3. c3 Nf6 4. Bc4 e6 5. d3 Be7 6. O-O O-O 7. Re1 d5 8. exd5
exd5 9. Bb3 Nc6 10. Be3 Re8 11. d4 c4 12. Bc2 Qb6 13. b3 Qa5 14. b4 Qc7 15. h3
h6 16. Qd2 Bd6 17. Na3 Ne4 18. Bxe4 dxe4 19. Nb5 Qd7 20. Nxd6 Qxd6 21. Bf4 Qd5
22. Nh2 Ne7 23. Nf1 Be6 24. Ng3 Bf5 25. Re2 Qd7 26. Nxe4 Bxe4 27. Rxe4 Nd5 28.
Re5 a5 29. Rxe8+ Rxe8 30. bxa5 Qb5 31. Bd6 Qxa5 32. Re1 Ra8 33. Bb4 Qxa2 34.
Qxa2 Rxa2 35. Re8+ Kh7 36. Rc8 b6 37. Rxc4 Rc2 38. g3 1/2-1/2

[Event "Let's Play Chess!"]
[Site "http://www.queenalice.com/game.php?id=29896"]
[Date "2005.9.22"]
[Round "-"]
[White "moepp"]
[Black "barcino"]
[Result "1-0"]
[WhiteElo "1732"]
[BlackElo "1300"]

1. e4 g6 2. d4 Nf6 3. e5 Nd5 4. c4 Nb6 5. Nc3 e6 6. Nf3 d5 7. Bg5 Be7 8. Bxe7
Qxe7 9. c5 N6d7 10. Bd3 a6 11. Qa4 b5 12. Nxb5 O-O 13. O-O Nc6 14. Nxc7 Rb8 15.
Qxc6 Bb7 16. Qd6 Qxd6 17. exd6 Nf6 18. b4 Bc8 19. Rfb1 Rb7 20. Nxa6 Ng4 21. b5
f5 22. c6 Ra7 23. b6 Bxa6 24. bxa7 Bxd3 25. Rb8 1-0

[Event "Let's Play Chess!"]
[Site "http://www.queenalice.com/game.php?id=30397"]
[Date "2005.9.25"]
[Round "-"]
[White "Eloisio"]
[Black "moepp"]
[Result "0-1"]
[WhiteElo "1384"]
[BlackElo "1737"]

1. a3 e5 2. d4 e4 3. h3 d5 4. Nc3 c5 5. e3 Nf6 6. Bb5+ Bd7 7. Bxd7+ Nbxd7 8.
dxc5 Bxc5 9. Nxd5 O-O 10. Nxf6+ Nxf6 11. Bd2 Qb6 12. Bc3 Rfd8 13. Qe2 Nd5 14.
Qc4 Rac8 15. Qxe4 Nxc3 16. Qc4 Qxb2 17. Qb3 Qxa1+ 0-1

[Event "Let's Play Chess!"]
[Site "http://www.queenalice.com/game.php?id=30887"]
[Date "2005.9.29"]
[Round "-"]
[White "bennyray"]
[Black "moepp"]
[Result "0-1"]
[WhiteElo "1500"]
[BlackElo "1762"]

1. e4 d5 2. exd5 Qxd5 3. Nc3 Qa5 4. Nf3 e5 5. a3 Nc6 6. d4 Bg4 7. h3 Bxf3 8.
Qxf3 exd4 9. b4 Bxb4 10. Qe4+ Be7 11. Bb5 Qxc3+ 12. Bd2 Qxa1+ 13. Ke2 Qxh1 14.
Bg5 Rd8 15. Bxc6+ Kf8 16. Bxe7+ Nxe7 17. Bxb7 Rd6 18. Qg4 Re6+ 19. Kd3 Qf1+ 20.
Kxd4 Qxf2+ 21. Kc3 Qc5+ 22. Kd2 Qe3+ 23. Kd1 Qe1# 0-1

[Event "Let's Play Chess!"]
[Site "http://www.queenalice.com/game.php?id=31003"]
[Date "2005.9.30"]
[Round "-"]
[White "moepp"]
[Black "bennyray"]
[Result "1-0"]
[WhiteElo "1768"]
[BlackElo "1468"]

1. e4 c6 2. d4 d5 3. Nc3 dxe4 4. Nxe4 f5 5. Ng5 b5 6. c3 h6 7. Qh5+ Kd7 8. Nf7
Qe8 9. Qg6 Nf6 10. Nxh8 Qxg6 11. Nxg6 Nh7 12. Bf4 e6 13. Nxf8+ Nxf8 14. Be5 Ng6
15. Bxg7 Ba6 16. Bxh6 b4 17. Bxa6 Nxa6 18. Ne2 bxc3 19. bxc3 Rh8 20. Be3 e5 21.
dxe5 Nxe5 22. Rd1+ Kc7 23. Bd4 Nc4 24. Bxh8 Nb2 25. Rd2 Nc4 26. Rd3 Nc5 27. Rf3
Nd6 28. Be5 Kd7 29. Bxd6 Kxd6 30. Rxf5 Nd7 31. h4 Ke6 32. g4 1-0

[Event "Let's Play Chess!"]
[Site "http://www.queenalice.com/game.php?id=31493"]
[Date "2005.10.4"]
[Round "-"]
[White "moepp"]
[Black "CptBafos"]
[Result "1-0"]
[WhiteElo "1760"]
[BlackElo "1398"]

1. e4 e5 2. Nf3 c6 3. Bc4 d5 4. exd5 cxd5 5. Bb5+ Nc6 6. Nxe5 Qf6 7. O-O Qxe5 8.
Re1 Bd6 9. Rxe5+ Bxe5 10. Qe2 Bd7 11. Bxc6 f6 12. Bxb7 Rb8 13. Bxd5 Ne7 14. Bb3
Nf5 15. c3 Bb5 16. Bc4 Bxc4 17. Qxc4 Nd6 18. Qe6+ Kf8 19. d4 Re8 20. Qd5 Bxd4
21. Qxd6+ Re7 22. cxd4 Kf7 23. Be3 Rhe8 24. Nc3 Rxe3 25. fxe3 Re6 26. Qc7+ 1-0

[Event "Let's Play Chess!"]
[Site "http://www.queenalice.com/game.php?id=31856"]
[Date "2005.10.6"]
[Round "-"]
[White "moepp"]
[Black "bennyray"]
[Result "1-0"]
[WhiteElo "1754"]
[BlackElo "1462"]

1. e4 c6 2. d4 d5 3. Nc3 dxe4 4. Nxe4 Bf5 5. Ng3 e6 6. Nxf5 exf5 7. c3 Nf6 8.
Bd3 c5 9. Bf4 cxd4 10. cxd4 Bb4+ 11. Bd2 Bxd2+ 12. Qxd2 O-O 13. Ne2 Re8 14. O-O
Nc6 15. Bxf5 Qa5 16. Qxa5 Nxa5 17. Rfe1 g6 18. Bd3 Nd5 19. Nc3 Rxe1+ 20. Rxe1
Nf4 21. Bf1 Rd8 22. d5 Nxd5 23. Rd1 Nc6 24. Rxd5 Re8 25. g3 Ne7 26. Rd7 Nf5 27.
Rxb7 a5 28. Ra7 Nd4 29. Bc4 Rf8 30. Rxa5 Rc8 31. Bd5 Nf5 32. Ra8 Ne7 33. Rxc8+
Nxc8 34. b4 Nb6 35. a4 Nxd5 36. Nxd5 Kf8 37. a5 1-0

[Event "Amistosa 08"]
[Site "http://www.queenalice.com/game.php?id=32083"]
[Date "2005.10.7"]
[Round "-"]
[White "sergiogvh"]
[Black "moepp"]
[Result "0-1"]
[WhiteElo "1610"]
[BlackElo "1762"]

1. e4 d5 2. Nf3 dxe4 3. Ng5 Bf5 4. Nc3 Nf6 5. Bc4 e6 6. Qe2 Qd4 7. Nb5 Qb6 8.
Nc3 Nc6 9. Ngxe4 Nd4 10. Nxf6+ gxf6 11. Nd5 Qd6 12. Nxf6+ Ke7 13. Ne4 Qe5 0-1

[Event "Let's Play Chess!"]
[Site "http://www.queenalice.com/game.php?id=32147"]
[Date "2005.10.8"]
[Round "-"]
[White "moepp"]
[Black "Edluise"]
[Result "1-0"]
[WhiteElo "1783"]
[BlackElo "1039"]

1. e4 e5 2. Nf3 d6 3. Bc4 Nc6 4. O-O Na5 5. Bb5+ c6 6. Be2 Nh6 7. b4 Bg4 8. bxa5
Qxa5 9. d4 Rd8 10. Bg5 f6 11. Bd2 Qb6 12. Nc3 exd4 13. Bxh6 gxh6 14. Nxd4 c5 15.
Bxg4 cxd4 16. Nd5 Qa6 17. Bh5+ Kd7 18. Qg4+ Kc6 19. Nb4+ Kc7 20. Nxa6+ bxa6 21.
Qf5 Be7 22. Qa5+ Kc8 23. Bg4+ Kb7 24. Rab1+ Kc6 25. Qd5+ Kc7 26. Rb7# 1-0

[Event "Let's Play Chess!"]
[Site "http://www.queenalice.com/game.php?id=32148"]
[Date "2005.10.8"]
[Round "-"]
[White "Edluise"]
[Black "moepp"]
[Result "0-1"]
[WhiteElo "997"]
[BlackElo "1758"]

1. e4 d5 2. e5 d4 3. Bc4 Nc6 4. Qf3 Nxe5 5. Qd5 Nxc4 6. Qxc4 Be6 7. Qa4+ c6 8.
Nf3 d3 9. Ne5 Qd5 10. Qf4 Qxg2 11. Qxf7+ Bxf7 12. Nxf7 Qxh1# 0-1

[Event "Let's Play Chess!"]
[Site "http://www.queenalice.com/game.php?id=32245"]
[Date "2005.10.8"]
[Round "-"]
[White "moepp"]
[Black "Doctor"]
[Result "1-0"]
[WhiteElo "1772"]
[BlackElo "1100"]

1. e4 Nc6 2. d4 e5 3. d5 Nce7 4. c4 Nf6 5. Nc3 g6 6. Nf3 d6 7. c5 a6 8. Qa4+ Bd7
9. Qb4 Rb8 10. cxd6 cxd6 11. Bg5 Neg8 12. a4 h6 13. Be3 a5 14. Qb3 b6 15. Bb5
Ng4 16. Bxd7+ Kxd7 17. Qb5+ Ke7 18. Bd2 Qc7 19. h3 N4f6 20. O-O 1-0

[Event "Let's Play Chess!"]
[Site "http://www.queenalice.com/game.php?id=32344"]
[Date "2005.10.9"]
[Round "-"]
[White "moepp"]
[Black "Rafale2000"]
[Result "1-0"]
[WhiteElo "1760"]
[BlackElo "1300"]

1. e4 Nc6 2. d4 d5 3. Nc3 Nf6 4. e5 Nd7 5. Nxd5 Ndb8 6. Ne3 Qxd4 7. Qxd4 Nxd4 8.
c3 Ne6 9. Nf3 Bd7 10. Nd5 Bc6 11. Bc4 Nd7 12. Be3 g6 13. Nd4 Nxd4 14. Bxd4 O-O-O
15. e6 fxe6 16. Bxh8 exd5 17. Be2 e5 18. Bg4 h5 19. Bxd7+ Bxd7 20. Bxe5 Re8 21.
f4 Bd6 22. Kd2 Bxe5 23. fxe5 Rxe5 24. Rae1 Rg5 25. g3 h4 26. gxh4 Rg2+ 27. Re2
Rg4 28. Rf1 b6 29. Rf8+ Kb7 30. Re7 Bf5 31. Rff7 Ka6 32. Rxc7 Rg2+ 33. Ke3 Rxh2
34. a4 b5 35. Rf6+ 1-0

[Event "Let's Play Chess!"]
[Site "http://www.queenalice.com/game.php?id=32348"]
[Date "2005.10.9"]
[Round "-"]
[White "masterelmeri"]
[Black "moepp"]
[Result "0-1"]
[WhiteElo "1801"]
[BlackElo "1785"]

1. e4 d5 2. exd5 Qxd5 3. Nc3 Qa5 4. Bc4 Nc6 5. Nge2 Nf6 6. d3 Ne5 7. Bb3 Bf5 8.
O-O O-O-O 9. Ng3 Bg6 10. f4 Neg4 11. f5 e6 12. fxg6 Bc5+ 13. Kh1 hxg6 14. h3
Nf2+ 15. Rxf2 Bxf2 16. Nge4 Nxe4 17. Nxe4 Bb6 18. Bf4 Rd7 19. Qf3 Qh5 20. Qxh5
Rxh5 21. Ng5 Kb8 22. Re1 Bf2 23. Re2 Bd4 24. g4 Rh8 25. c3 Bf6 26. Re3 e5 0-1

[Event "Let's Play Chess!"]
[Site "http://www.queenalice.com/game.php?id=32349"]
[Date "2005.10.9"]
[Round "-"]
[White "moepp"]
[Black "masterelmeri"]
[Result "1-0"]
[WhiteElo "1806"]
[BlackElo "1799"]

1. e4 e5 2. Nf3 Nc6 3. Bc4 Nf6 4. Ng5 d5 5. exd5 Na5 6. Bb5+ c6 7. dxc6 bxc6 8.
Qf3 Bb7 9. Ba4 Bd6 10. Nc3 O-O 11. O-O h6 12. Nge4 Nxe4 13. Nxe4 c5 14. Qe3 Nc4
15. Qd3 Bxe4 16. Qxe4 Nb6 17. Bb3 Kh8 18. d3 f5 19. Qe2 Qf6 20. c3 Rae8 21. Re1
g5 22. Qh5 c4 23. Bxc4 Nxc4 24. dxc4 e4 25. Be3 Be5 26. h4 f4 27. Bc5 Rg8 28.
Rxe4 1-0

[Event "Let's Play Chess!"]
[Site "http://www.queenalice.com/game.php?id=32351"]
[Date "2005.10.9"]
[Round "-"]
[White "volmar"]
[Black "moepp"]
[Result "1-0"]
[WhiteElo "1500"]
[BlackElo "1781"]

1. e4 d5 2. Nc3 d4 3. Nd5 e6 4. Nf4 e5 5. Nd3 Nc6 6. g3 Nf6 7. f3 Be6 8. c3 Qd7
9. h4 O-O-O 10. b4 dxc3 11. dxc3 Bc4 12. Qa4 Bxd3 13. Bh3 Bc4 14. Bxd7+ Nxd7 15.
Be3 a6 16. O-O-O Bb5 17. Qb3 1-0

[Event "Friendly"]
[Site "http://www.queenalice.com/game.php?id=32404"]
[Date "2005.10.10"]
[Round "-"]
[White "rgalvez"]
[Black "moepp"]
[Result "1/2-1/2"]
[WhiteElo "1694"]
[BlackElo "1772"]

1. e4 d5 2. exd5 Qxd5 3. Nc3 Qa5 4. d4 e5 5. dxe5 Bb4 6. Nf3 Bg4 7. Bd2 Nc6 8.
a3 Nd4 9. Bb5+ c6 10. O-O Bxc3 11. Bxc3 Nxf3+ 12. gxf3 Qxb5 13. fxg4 Rd8 14. Qc1
Qc4 15. h3 h5 16. Qg5 Ne7 17. e6 fxe6 18. Rae1 Rd5 19. Qe3 Rh6 20. f3 Qc5 21.
Qxc5 Rxc5 22. Bxg7 Rg6 23. Bd4 Rxc2 24. Rf2 Rxf2 25. Kxf2 a6 26. Re5 hxg4 27.
hxg4 Nd5 28. Rh5 b6 29. Rh7 a5 30. Rg7 Rxg7 31. Bxg7 Kf7 32. Be5 a4 33. Ke2 b5
34. Bd4 1/2-1/2

[Event "Friendly"]
[Site "http://www.queenalice.com/game.php?id=32405"]
[Date "2005.10.10"]
[Round "-"]
[White "moepp"]
[Black "rgalvez"]
[Result "1/2-1/2"]
[WhiteElo "1776"]
[BlackElo "1718"]

1. e4 c5 2. c3 d6 3. d4 Nf6 4. Bd3 cxd4 5. cxd4 g6 6. Nf3 Bg7 7. Nc3 O-O 8. O-O
Nc6 9. d5 Nb4 10. Be2 Bd7 11. a3 Na6 12. Bxa6 bxa6 13. Be3 e5 14. Rc1 a5 15. h3
Qe7 16. b3 Rfc8 17. Qd3 a6 18. Nd2 Rcb8 19. Rc2 Nh5 20. Rfc1 Qh4 21. Qc4 Rb7 22.
Nf3 Qd8 23. Nd2 Qf6 24. Kh1 Nf4 25. Bxf4 Qxf4 26. f3 Bh6 27. Rb1 Qh4 28. Qf1 Rc7
29. Nc4 Bb5 30. a4 Bxc4 31. bxc4 Be3 32. Qd3 Bc5 33. Rcb2 Rac8 34. Rb8 Qd8 35.
Rxc8 1/2-1/2

[Event "Challenge"]
[Site "http://www.queenalice.com/game.php?id=33561"]
[Date "2005.10.16"]
[Round "-"]
[White "moepp"]
[Black "flodi"]
[Result "1-0"]
[WhiteElo "1781"]
[BlackElo "1128"]

1. e4 e5 2. Nf3 Nc6 3. Bc4 Be7 4. d4 exd4 5. O-O Nf6 6. Nxd4 Ne5 7. Bb3 c6 8.
Nc3 d5 9. exd5 cxd5 10. Ba4+ Bd7 11. Bxd7+ Qxd7 12. Re1 Ng6 13. Bg5 Ne4 14. Nxe4
dxe4 15. Bxe7 Qxe7 16. Nf5 Qe5 17. Rxe4 Qxe4 18. Nd6+ Ke7 19. Nxe4 Rad8 20. Qf3
Ne5 21. Qa3+ Ke6 22. Nc5+ Kf6 23. f4 Nc4 24. Qc3+ Ke7 25. Re1+ Kf8 26. Qxc4 g6
27. Qc3 Rg8 28. Ne6+ fxe6 29. Qf6+ Ke8 30. Qxe6+ Kf8 31. Qe7# 1-0